Amthāl Sulaymān : manẓūmah kull mathal baytan wa-mashrūḥah wa-mufassarah ʻalá al-wajh al-ṣaḥīḥ /
Saved in:
Main Author:
Format: Book
Language:
Arabic
Hebrew
Published:
[Alexandria] :
M. Faraj,
1938.
Subjects:
Tags: Add Tag
No Tags, Be the first to tag this record!
Call Number: PN6414 .F26 1938
| LEADER | 01071nam a2200241Ia 4500 | ||
|---|---|---|---|
| 003 | OSt | ||
| 005 | 20240121135526.0 | ||
| 008 | 130303s1938 ua a 000 0 ara d | ||
| 952 | |0 0 |1 0 |2 lcc |4 0 |6 PN6414 F26 01938 |7 1 |9 59742 |a ARCE |b ARCE |d 2024-01-21 |l 0 |o PN6414 .F26 1938 |p 1032176 |r 2024-01-21 00:00:00 |w 2024-01-21 |y BK | ||
| 999 | |c 30112 |d 30112 | ||
| 040 | |c ARCE Library | ||
| 041 | 0 | |a ara |a heb | |
| 050 | 4 | |a PN6414 .F26 1938 | |
| 100 | 1 | |6 880-01 |a Faraj, Murād, |e author | |
| 245 | 1 | 0 | |6 880-02 |a Amthāl Sulaymān : |b manẓūmah kull mathal baytan wa-mashrūḥah wa-mufassarah ʻalá al-wajh al-ṣaḥīḥ / |c taʼlīf Murād Faraj. |
| 264 | 1 | |a [Alexandria] : |b M. Faraj, |c 1938. | |
| 300 | |a [30], 328 pages : |b illustrations ; |c 24 cm. | ||
| 546 | |a Text in Arabic and Hebrew. | ||
| 650 | 0 | |a Proverbs, Jewish. | |
| 880 | 1 | |6 100-01/(3/r |a فرج، مراد | |
| 880 | 1 | 0 | |6 245-02/(3/r |a أمثال سليمان : |b منظومة كل مثل بيتاً و مشروحة و مفسرة على الوجه الصحيح |c تأليف مراد فرج |
| 901 | |a reviewed | ||
| 942 | |c BK |2 lcc | ||
